[Event "Politiken"]
[Site "Copenhagen DEN"]
[Date "1996.06.28"]
[Round "6"]
[White "Hellstrom, A"]
[Black "Nielsen, CJ"]
[Result "1/2-1/2"]
[WhiteElo "2245"]
[BlackElo "2080"]

1. d4 Nf6 2. Nf3 b6 3. Bg5 Bb7 4. Nbd2 e6 5. e3 Be7 6. Bd3 c5 7. c3 O-O 8.
O-O Nc6 9. Rc1 Nd5 10. Bxe7 Qxe7 11. c4 Nf6 12. Re1 d6 13. a3 e5 14. Ne4
Nb8 15. Qc2 Nbd7 16. Rcd1 Nxe4 17. Bxe4 Bxe4 18. Qxe4 Nf6 19. Qc2 Rac8 20.
dxe5 dxe5 21. Re2 e4 22. Ne1 Rc6 23. Red2 h5 24. h4 Qe5 25. g3 Qf5 26. Ng2
1/2-1/2

[Event "Politiken"]
[Site "Copenhagen DEN"]
[Date "1996.06.28"]
[Round "6"]
[White "Kosebay, O"]
[Black "Lejlic, S"]
[Result "1/2-1/2"]
[WhiteElo "2220"]
[BlackElo "2420"]

1. e4 e5 2. f4 Bc5 3. Nf3 d6 4. c3 Nf6 5. d4 exd4 6. cxd4 Bb4+ 7. Bd2 Bxd2+
8. Nbxd2 O-O 9. Bd3 c5 10. dxc5 dxc5 11. Qe2 Nc6 12. O-O Nd4 13. Nxd4 Qxd4+
14. Kh1 Bg4 15. Nf3 Rad8 16. Rad1 Bxf3 17. Rxf3 c4 18. e5 cxd3 19. Rfxd3
Qc4 20. exf6 Rxd3 21. Qxd3 Qxf4 22. fxg7 Re8 23. h3 Re3 24. Qd8+ Kxg7 25.
Qd4+ Qxd4 26. Rxd4 Re2 27. Rb4 b6 28. Kh2 Kg6 29. Kg3 h5 30. Kf3 Rd2
1/2-1/2

[Event "Politiken"]
[Site "Copenhagen DEN"]
[Date "1996.06.28"]
[Round "6"]
[White "Holst, C"]
[Black "Brinck Claussen, B"]
[Result "1/2-1/2"]
[WhiteElo "2205"]
[BlackElo "2380"]

1. d4 Nf6 2. c4 c5 3. d5 d6 4. Nc3 g6 5. e4 Bg7 6. Be2 O-O 7. Nf3 e6 8. O-O
Re8 9. Nd2 Na6 10. Re1 Nc7 11. Rb1 b6 12. a3 a6 13. f3 exd5 14. cxd5 b5 15.
Nf1 Nd7 16. Be3 Rb8 17. Qd2 Ne5 18. f4 Nc4 19. Bxc4 bxc4 20. Ng3 Nb5 21.
Nxb5 axb5 22. e5 Bb7 23. Rbd1 f5 24. Ne2 Ba6 25. e6 b4 26. axb4 Rxb4 27.
Nc3 Qb6 28. Re2 Rb8 29. Ra1 Rb3 30. h3 Bb5 31. Kh2 Be8 32. Ra2 Qb4 33. Qe1
Qb7 34. Qd2 Ra8 35. Rxa8 Qxa8 36. Re1 Qa5 37. Rc1 Kf8 38. Rc2 Qa1 39. Qc1
Qa5 40. Qd2 Qb4 41. Bf2 Bf6 42. Qe2 Qb7 1/2-1/2

[Event "Politiken"]
[Site "Copenhagen DEN"]
[Date "1996.06.28"]
[Round "6"]
[White "Madsen, D"]
[Black "Rossen, C"]
[Result "1/2-1/2"]
[WhiteElo "2325"]
[BlackElo "2080"]

1. d4 d5 2. Nf3 Nf6 3. c4 dxc4 4. g3 Nc6 5. Bg2 e5 6. O-O exd4 7. Qa4 Nd7
8. Qxc4 Nb6 9. Qd3 Be7 10. a3 a5 11. Rd1 O-O 12. Nxd4 Nxd4 13. Qxd4 Qxd4
14. Rxd4 Bf6 15. Rd1 Na4 16. Nc3 Bxc3 17. bxc3 Nxc3 18. Rd2 Bg4 19. Bb2 Na4
20. Be5 Nc5 21. Rc2 Nb3 22. Rb1 a4 23. Rxc7 Bxe2 24. Rxb7 Nd2 25. Rb8 Nxb1
26. Bxa8 Rxb8 27. Bxb8 Nxa3 28. f4 Nc4 29. Bd5 Nb6 30. Ba2 Bc4 31. Bc7 Nd5
32. Bxc4 Nxc7 33. Kf2 Kf8 34. Ke3 Ke7 35. Kd4 f6 36. Kc5 Ne6+ 37. Kb4 g5
38. fxg5 Nxg5 39. Kxa4 Kd6 40. Kb4 Ke5 41. Kc3 Nf3 42. h4 Nd4 43. Bd3 Nf5
1/2-1/2

[Event "Politiken"]
[Site "Copenhagen DEN"]
[Date "1996.06.28"]
[Round "6"]
[White "Tonning, E"]
[Black "Holmsgaard, H"]
[Result "0-1"]
[WhiteElo "2220"]
[BlackElo "2290"]

1. e4 c5 2. Nf3 e6 3. d4 cxd4 4. Nxd4 Nf6 5. Nc3 Nc6 6. Ndb5 d6 7. Bf4 e5
8. Bg5 a6 9. Na3 b5 10. Bxf6 gxf6 11. Nd5 f5 12. Bd3 Be6 13. O-O Bg7 14.
Qh5 f4 15. c4 bxc4 16. Bxc4 O-O 17. Rac1 Rb8 18. b3 Qd7 19. Rfd1 Kh8 20.
Qh4 f5 21. Nxf4 exf4 22. Bxe6 Qxe6 23. Rxc6 fxe4 24. Rcxd6 Qe8 25. Qg4 e3
26. Qf3 Qe7 27. Nc4 Rbe8 28. Qe2 Qg5 29. Kh1 Qh4 30. Kg1 f3 31. gxf3 Rg8
32. fxe3 Be5+ 33. Kh1 Bxd6 34. Nxd6 Ref8 35. Qb2+ Rg7 36. Rg1 Qh6 37. Qe5
Kg8 38. Rxg7+ Qxg7 39. Qxg7+ Kxg7 40. Kg2 Rd8 41. Nc4 Rd1 42. e4 Ra1 43. a3
Rb1 44. b4 Rc1 45. Nb6 Rc6 46. Nd5 Rc2+ 47. Kg3 Ra2 48. Kf4 Rxh2 49. Nc7 h5
50. Nxa6 Rg2 51. b5 h4 52. b6 h3 53. b7 h2 54. b8=Q h1=Q 55. Qe5+ Kh7 56.
Qf5+ Kh6 57. Qf6+ Kh7 58. Ke5 Qa1+ 59. Kf5 Qxf6+ 60. Kxf6 Rg6+ 61. Kf7 Rxa6
62. f4 Ra4 63. e5 Rxf4+ 64. Ke7 Kg7 65. e6 Re4 66. Kd7 Kf6 67. Kc6 Ra4 0-1

[Event "Politiken"]
[Site "Copenhagen DEN"]
[Date "1996.06.28"]
[Round "6"]
[White "Hillarp Persson, T"]
[Black "Clausen, S"]
[Result "1-0"]
[WhiteElo "2410"]
[BlackElo "2255"]

1. d4 Nf6 2. c4 e6 3. Nf3 c5 4. d5 b5 5. Bg5 exd5 6. cxd5 d6 7. e4 a6 8. a4
Be7 9. Nbd2 Nxd5 10. Bxe7 Qxe7 11. axb5 O-O 12. Bc4 Nb6 13. O-O Be6 14. b3
axb5 15. Rxa8 Nxa8 16. Bxb5 Qb7 17. Bd3 Nc7 18. Ng5 h6 19. Nxe6 Nxe6 20.
Bc4 Nd4 21. Bd5 Qe7 22. Nf3 Nxf3+ 23. Qxf3 Nd7 24. Qd3 Nf6 25. Bc4 Rd8 26.
f3 Qe5 27. Rd1 Kf8 28. Qd2 g5 29. Qa2 Kg7 30. Qa1 Qxa1 31. Rxa1 Rd7 32. Kf2
Ng8 33. Ra6 Ne7 34. Bb5 Rd8 35. Ra7 Kf6 36. Bc4 d5 37. exd5 Nxd5 38. g3 Ne7
39. Ke2 Nd5 40. Kf2 h5 41. h4 gxh4 42. gxh4 Ke6 43. Rc7 Kd6 44. Rxf7 Ke5
45. Rg7 Nb6 46. Bg8 Kf4 47. Rf7+ Ke5 48. Bh7 Nd5 49. Rf5+ Ke6 50. Rxh5 Nf6
51. Bf5+ Ke5 52. Rg5 Kf4 53. Bg6 Rd2+ 54. Ke1 Rd6 55. Rf5+ Ke3 56. Bf7 Ra6
57. Kf1 1-0

[Event "Politiken"]
[Site "Copenhagen DEN"]
[Date "1996.06.28"]
[Round "6"]
[White "Pyda, Z"]
[Black "Eriksson, I"]
[Result "1/2-1/2"]
[WhiteElo "2305"]
[BlackElo "2095"]

1. d4 Nf6 2. c4 c5 3. d5 e6 4. Nc3 exd5 5. cxd5 d6 6. Nf3 g6 7. Bg5 Bg7 8.
e3 O-O 9. Be2 a6 10. a4 Bg4 11. O-O Nbd7 12. h3 Bxf3 13. Bxf3 Rb8 14. Be2
Re8 15. Qc2 Qa5 16. Bf4 Bf8 17. Rfd1 Rbc8 18. b3 Ne5 19. e4 c4 20. Bd2 cxb3
21. Qxb3 Ned7 22. Bd3 Nc5 23. Qb1 Bg7 24. Ra2 Re7 25. Re1 Qc7 26. a5 Nfd7
27. Ra3 Nxd3 28. Qxd3 Ne5 29. Qg3 Nc4 30. Nb1 Nxa3 31. Qxa3 Rce8 32. Qd3
Qd7 33. Nc3 f5 34. f3 fxe4 35. Nxe4 Qa4 36. Bc3 Qb5 37. Qxb5 axb5 38. Bxg7
Kxg7 39. Rb1 Ra8 40. Rxb5 Ra6 41. Kf2 Rc7 42. Ke3 Kf7 43. Kf4 h6 44. h4 Ke7
45. g4 Ra7 46. h5 gxh5 47. gxh5 Ra8 48. Kf5 Rg8 49. Rb6 Rd7 50. Kf4 Rf8+
1/2-1/2

[Event "Politiken"]
[Site "Copenhagen DEN"]
[Date "1996.06.28"]
[Round "6"]
[White "Varberg, K"]
[Black "Borge, N"]
[Result "0-1"]
[WhiteElo "2230"]
[BlackElo "2455"]

1. c4 e5 2. Nc3 Nf6 3. g3 d5 4. cxd5 Nxd5 5. Bg2 Nb6 6. Nf3 Nc6 7. O-O Be7
8. d3 O-O 9. Nd2 Be6 10. b3 Qd7 11. Nc4 Bh3 12. Bb2 Bxg2 13. Kxg2 Rfe8 14.
Rc1 Rad8 15. Nb1 Bg5 16. Nxb6 axb6 17. Rc3 e4 18. Bc1 Bf6 19. Rc2 Nb4 20.
Rd2 Bg5 21. Rb2 exd3 22. Re1 Qc6+ 23. e4 Rxe4 24. Rxe4 Qxe4+ 25. f3 Qe7 26.
Bxg5 Qxg5 27. Qd2 Qe7 28. Nc3 f5 29. Rb1 Nc2 30. Rd1 0-1

[Event "Politiken"]
[Site "Copenhagen DEN"]
[Date "1996.06.28"]
[Round "6"]
[White "Bekker Jensen, S"]
[Black "Wallace, JP"]
[Result "1/2-1/2"]
[WhiteElo "2215"]
[BlackElo "2370"]

1. d4 d5 2. c4 e6 3. Nc3 c6 4. Nf3 dxc4 5. a4 Bb4 6. e3 b5 7. Bd2 a5 8.
axb5 Bxc3 9. Bxc3 cxb5 10. b3 Bb7 11. d5 f6 12. bxc4 b4 13. Bxb4 exd5 14.
Ba3 Ne7 15. Bd3 dxc4 16. Bxc4 Qxd1+ 17. Rxd1 Ba6 18. Bb3 Nbc6 19. Nd4 Nxd4
20. Rxd4 Rb8 21. Ba2 Nc6 22. Rd6 Bb5 23. Kd2 Rd8 24. Rxd8+ Nxd8 25. Rc1 Bc6
26. Rc5 Bxg2 27. Rc7 Nc6 28. Rc8+ Nd8 29. Rc7 Nc6 30. Rxg7 Bh3 31. Bd5 Bd7
32. Bxc6 Bxc6 33. Bb2 Rf8 34. Rxh7 Rf7 35. Rxf7 1/2-1/2

[Event "Politiken"]
[Site "Copenhagen DEN"]
[Date "1996.06.28"]
[Round "6"]
[White "Jakobsen, O"]
[Black "Hodgson, Ju"]
[Result "0-1"]
[WhiteElo "2390"]
[BlackElo "2615"]

1. d4 Nf6 2. c4 c5 3. d5 b5 4. cxb5 a6 5. f3 axb5 6. e4 Qa5+ 7. Bd2 b4 8.
Bf4 Ba6 9. Bxa6 Qxa6 10. Bxb8 Rxb8 11. e5 Ng8 12. Ne2 e6 13. d6 f6 14. f4
Nh6 15. Nd2 Nf7 16. O-O fxe5 17. Ne4 Qc4 18. N2g3 Qd4+ 19. Kh1 Qxd1 20.
Raxd1 exf4 21. Rxf4 Rb6 22. b3 Nxd6 23. Rxf8+ Rxf8 24. Nxd6+ Ke7 25. Nge4
Ra6 26. h3 Rxa2 27. Nxc5 Rc2 28. Nce4 Rf4 29. Kg1 h5 30. h4 Re2 31. Rd4
Re1+ 32. Kh2 Rxh4+ 33. Kg3 Rg4+ 34. Kf3 Rf1+ 35. Ke2 Rc1 36. Rxb4 Rc6 37.
Nb5 Rb6 0-1

[Event "Politiken"]
[Site "Copenhagen DEN"]
[Date "1996.06.28"]
[Round "6"]
[White "Coleman, D"]
[Black "Tseshkovsky, V"]
[Result "0-1"]
[WhiteElo "2255"]
[BlackElo "2540"]

1. e4 c5 2. Nf3 a6 3. c3 e6 4. d4 d5 5. exd5 exd5 6. Be2 Bd6 7. O-O Ne7 8.
Nbd2 c4 9. Re1 O-O 10. b3 cxb3 11. axb3 Nbc6 12. Nf1 Ng6 13. Ne3 Nf4 14.
Bf1 Ne7 15. c4 b6 16. Bd2 Ra7 17. Qc2 Rc7 18. Qb2 Ra7 19. Ra2 Bb7 20. c5
bxc5 21. Ba5 Bc7 22. Bxc7 Qxc7 23. Rc1 c4 24. g3 Ne6 25. Bg2 Qd8 26. bxc4
dxc4 27. Rxc4 a5 28. Qa1 Qa8 29. Ne5 Bxg2 30. Nxg2 f6 31. Nd3 Ng5 32. h4
Nf3+ 33. Kh1 Rc8 34. Qc3 Rb8 35. Nc1 a4 36. Re2 a3 37. Rc7 Rxc7 38. Qxc7
Rc8 39. Qxe7 Rxc1+ 40. Ne1 Rxe1+ 0-1

[Event "Politiken"]
[Site "Copenhagen DEN"]
[Date "1996.06.28"]
[Round "6"]
[White "Jelling, E"]
[Black "Brondum, E"]
[Result "1-0"]
[WhiteElo "2415"]
[BlackElo "2270"]

1. d4 Nf6 2. c4 g6 3. Nf3 Bg7 4. g3 O-O 5. Bg2 d6 6. Nc3 Nbd7 7. O-O e5 8.
h3 c6 9. e4 Qb6 10. d5 Nc5 11. Qe2 Bd7 12. Be3 cxd5 13. cxd5 Rfc8 14. Rab1
Qa6 15. Qxa6 Nxa6 16. Rfc1 Nc5 17. Ne1 a5 18. f3 Nh5 19. Kh2 f5 20. Bd2 Nf6
21. g4 fxe4 22. fxe4 Rf8 23. Rc2 Rac8 24. b3 b5 25. b4 axb4 26. Rxb4 Na6
27. Rb1 b4 28. Nd1 Ba4 29. Rxc8 Rxc8 30. Nb2 Bd7 31. g5 Nh5 32. Nbd3 Nf4
33. Nxf4 exf4 34. Bxf4 Be5 35. Bxe5 dxe5 36. Nd3 Rc2 37. Nxb4 Nxb4 38. Rxb4
Rxa2 39. Rb7 Be8 40. Re7 Bb5 41. Kg3 1-0

[Event "Politiken"]
[Site "Copenhagen DEN"]
[Date "1996.06.28"]
[Round "6"]
[White "Steingrimsson, H"]
[Black "Lobejko, R"]
[Result "0-1"]
[WhiteElo "2405"]
[BlackElo "2215"]

1. d4 d6 2. Nf3 Nf6 3. c4 g6 4. Nc3 Bg7 5. e4 O-O 6. Be2 c5 7. O-O cxd4 8.
Nxd4 Nc6 9. Be3 Bd7 10. Rc1 Rc8 11. Qd2 a6 12. f3 Re8 13. Rfd1 Qa5 14. Nb3
Qh5 15. Nd5 Rcd8 16. Nf4 Qe5 17. Nd3 Qe6 18. Nf4 Qe5 19. Nd5 Rf8 20. a4 Ne8
21. Rc2 f5 22. Bf4 Qe6 23. exf5 Qxf5 24. Bg5 Qf7 25. Na5 Nf6 26. Nxb7 Rb8
27. Bxf6 Bxf6 28. Na5 Be5 29. Nxc6 Bxc6 30. Ra1 Bxd5 31. cxd5 a5 32. Qxa5
Qf4 33. g3 Qd4+ 34. Kg2 Rxb2 35. Rac1 Qe3 36. f4 Qe4+ 37. Bf3 Rxc2+ 38. Kh3
Qxf3 39. Rxc2 Bxf4 40. Qc7 Qh5+ 0-1

[Event "Politiken"]
[Site "Copenhagen DEN"]
[Date "1996.06.28"]
[Round "6"]
[White "Aagaard, J"]
[Black "Hutters, T"]
[Result "1/2-1/2"]
[WhiteElo "2290"]
[BlackElo "2435"]

1. e4 c5 2. Nf3 d6 3. d4 cxd4 4. Nxd4 Nf6 5. Nc3 e6 6. Be3 a6 7. f3 b5 8.
Qd2 Nbd7 9. g4 Nb6 10. Qf2 Nfd7 11. O-O-O Bb7 12. Kb1 Rc8 13. h4 Rxc3 14.
bxc3 Qc7 15. Bd2 d5 16. exd5 Nxd5 17. Qe1 Bd6 18. g5 Bg3 19. Nxe6 fxe6 20.
Qxe6+ Ne7 21. g6 Bd5 22. Qe3 hxg6 23. Bd3 Qe5 24. Qa7 Qd6 25. Be1 Be5 26.
Be4 Qb6 27. Qxb6 Nxb6 28. Bf2 Na4 29. Bxd5 Nxc3+ 30. Kc1 Bf4+ 31. Kb2 Ncxd5
32. Rhe1 Kf7 33. Re4 Bb8 34. Bc5 Re8 35. Rde1 Bc7 1/2-1/2

[Event "Politiken"]
[Site "Copenhagen DEN"]
[Date "1996.06.28"]
[Round "6"]
[White "Koskinen, H"]
[Black "Sher, M"]
[Result "0-1"]
[WhiteElo "2230"]
[BlackElo "2500"]

1. d4 Nf6 2. c4 e6 3. g3 c5 4. d5 exd5 5. cxd5 d6 6. Nc3 g6 7. Bg2 Bg7 8.
Nf3 O-O 9. O-O a6 10. a4 Nbd7 11. h3 Re8 12. Qc2 b6 13. Rb1 Qc7 14. Bf4 Nh5
15. Bd2 Ne5 16. g4 Nxf3+ 17. Bxf3 Nf6 18. b4 Nd7 19. bxc5 Nxc5 20. Ne4 Bd7
21. Rfc1 f5 22. Ng5 Ra7 23. a5 b5 24. Kg2 Qd8 25. Bf4 Be5 26. Qd2 Qf6 27.
Rd1 fxg4 0-1

[Event "Politiken"]
[Site "Copenhagen DEN"]
[Date "1996.06.28"]
[Round "6"]
[White "Tisdall, J"]
[Black "Hartvig, O"]
[Result "1-0"]
[WhiteElo "2510"]
[BlackElo "2300"]

1. e4 c6 2. d4 d5 3. e5 Na6 4. Be2 g6 5. c3 Nc7 6. Nd2 h5 7. Ngf3 Nh6 8.
Nf1 Bg4 9. Qb3 Qc8 10. Ne3 Nf5 11. Nxf5 Bxf5 12. Nh4 Bd7 13. Be3 Ne6 14.
Rc1 Ng7 15. Nf3 Nf5 16. c4 Be6 17. Ng5 Qd7 18. Nxe6 fxe6 19. cxd5 exd5 20.
e6 Qc8 21. Bd3 Bg7 22. Bxf5 gxf5 23. O-O O-O 24. Bg5 Qxe6 25. Rfe1 Qg6 26.
Bxe7 Rf7 27. Qxb7 Re8 28. Qd7 Rb8 29. Rxc6 Qg4 30. Qxd5 Bxd4 31. Rc4 Bxf2+
32. Kxf2 Rxb2+ 33. Kg1 f4 34. h3 Qf5 35. Re5 1-0

[Event "Politiken"]
[Site "Copenhagen DEN"]
[Date "1996.06.28"]
[Round "6"]
[White "Maksimenko, A"]
[Black "Liss, E"]
[Result "0-1"]
[WhiteElo "2545"]
[BlackElo "2480"]

1. Nf3 Nf6 2. c4 c5 3. g3 Nc6 4. Bg2 d5 5. O-O e5 6. Qa4 Qd6 7. d3 Bd7 8.
cxd5 Nxd5 9. Nc3 Nb6 10. Qd1 Rc8 11. Nd2 Be6 12. b3 Qd7 13. Nc4 Nd5 14.
Nxd5 Bxd5 15. Bxd5 Qxd5 16. Bb2 Bd6 17. f4 Rd8 18. fxe5 Bc7 19. e4 Qe6 20.
Nd6+ Bxd6 21. exd6 O-O 22. Rf5 Rxd6 23. Qf3 b6 24. Rf1 Nd4 25. Bxd4 Rxd4
26. Qe2 a5 27. Qc2 Rd7 28. R1f3 Re8 29. h4 Ree7 30. Kg2 Rd4 31. h5 Red7 32.
Qc3 h6 33. Qc2 a4 34. R5f4 axb3 35. Qxb3 Qxb3 36. axb3 Rb4 37. e5 Rxb3 38.
e6 fxe6 39. Rf8+ Kh7 40. Re8 Rd5 41. Rff8 Rxh5 42. Rh8+ Kg6 43. Rxe6+ Kf7
44. Rd6 Rg5 45. Rc8 b5 46. Rc7+ Kg8 47. Kf2 Rc3 48. Rdd7 c4 49. dxc4 bxc4
50. Rd4 Rgxg3 51. Rcxc4 Rxc4 52. Rxc4 Ra3 53. Kg2 Kh7 54. Rc5 Kg6 55. Rc6+
Kh5 56. Rc5+ g5 57. Rc6 g4 58. Rc5+ Kh4 59. Rb5 h5 60. Rc5 Ra2+ 61. Kg1 g3
62. Rc4+ Kh3 63. Rc1 Re2 64. Ra1 h4 65. Rb1 Kg4 66. Rb4+ Kf3 67. Rb3+ Re3
68. Rb1 h3 69. Kh1 Re2 70. Kg1 Rd2 71. Ra1 Ke2 0-1

[Event "Politiken"]
[Site "Copenhagen DEN"]
[Date "1996.06.28"]
[Round "6"]
[White "Hoi, C"]
[Black "Pedersen, NV"]
[Result "1/2-1/2"]
[WhiteElo "2435"]
[BlackElo "2290"]

1. d4 d5 2. Nf3 Nf6 3. c4 e6 4. Nc3 c6 5. e3 Nbd7 6. Qc2 Be7 7. b3 O-O 8.
Bd3 b6 9. O-O Bb7 10. Bb2 Rc8 11. Ne5 g6 12. f4 Nxe5 13. fxe5 Ng4 14. Qe2
f5 15. exf6 Nxf6 16. e4 Qd7 17. Rae1 Rce8 18. Rf2 Kg7 19. Ref1 Nh5 20. Qg4
Rxf2 21. Rxf2 Nf6 22. Qh3 Rf8 23. Bc1 Kg8 24. Bh6 Rf7 25. Be3 Bb4 26. e5
Nh5 27. Ne2 Rxf2 28. Bxf2 Qf7 29. Be3 c5 30. Qh4 Ng7 31. cxd5 Bxd5 32. Nf4
cxd4 33. Nxd5 exd5 34. Bxd4 Ne6 35. Bf2 Bc5 36. Qg3 Qf4 37. Qxf4 Nxf4 38.
Bf1 Kf7 39. g3 Ne6 40. Bg2 Nc7 41. Bh3 Bb4 42. Be3 Bc3 1/2-1/2

[Event "Politiken"]
[Site "Copenhagen DEN"]
[Date "1996.06.28"]
[Round "6"]
[White "Hartman, C"]
[Black "Hansen, LB"]
[Result "0-1"]
[WhiteElo "2370"]
[BlackElo "2565"]

1. e4 e5 2. Nf3 Nc6 3. Bb5 a6 4. Ba4 Nf6 5. O-O Be7 6. Re1 b5 7. Bb3 d6 8.
c3 O-O 9. h3 Na5 10. Bc2 c5 11. d4 Qc7 12. Nbd2 cxd4 13. cxd4 Bd7 14. Nf1
Rac8 15. Ne3 Nc6 16. a3 Nxd4 17. Nxd4 exd4 18. Qxd4 d5 19. e5 Bc5 20. Qf4
Rfe8 21. Nf5 Nh5 22. Qf3 Bxf2+ 23. Qxf2 Qxc2 24. Qxc2 Rxc2 25. Ne3 Rc6 26.
Nxd5 Rc5 27. Nc3 Rcxe5 28. Rxe5 Rxe5 29. Bd2 Bc6 30. g4 Nf6 31. Re1 Nd7 32.
Rxe5 Nxe5 33. Be3 f6 34. b3 Kf7 35. Kf2 g5 36. Kg3 Kg6 37. a4 bxa4 38. Nxa4
Bxa4 39. bxa4 h5 40. gxh5+ Kxh5 41. Bd4 Nd7 42. Kf3 f5 43. Kg3 Nf8 44. Bf2
Ng6 45. Kf3 Nf4 46. h4 Nd3 47. hxg5 Nxf2 48. Kxf2 a5 49. Kf3 Kxg5 50. Kg3
Kf6 51. Kf3 Ke5 52. Ke3 Kd5 0-1

[Event "Politiken"]
[Site "Copenhagen DEN"]
[Date "1996.06.28"]
[Round "6"]
[White "Gulko, B"]
[Black "Djurhuus, R"]
[Result "1-0"]
[WhiteElo "2615"]
[BlackElo "2505"]

1. c4 g6 2. d4 Nf6 3. Nc3 Bg7 4. e4 d6 5. f3 O-O 6. Be3 Nc6 7. Nge2 a6 8.
Rb1 e5 9. d5 Na5 10. Ng3 c5 11. Bd3 b5 12. cxb5 axb5 13. Bxb5 h5 14. O-O h4
15. Nge2 Nh5 16. Qd2 f5 17. exf5 gxf5 18. Bg5 Bf6 19. Bxf6 Qxf6 20. f4 e4
21. b4 cxb4 22. Rxb4 Ba6 23. Bxa6 Rxa6 24. Nd4 Ng7 25. Nd1 Qf7 26. Ne3 Nb7
27. Ndxf5 Nxf5 28. Nxf5 Qxf5 29. Rxb7 Rf7 30. Rb8+ Rf8 31. Rxf8+ Kxf8 32.
Rb1 Qf6 33. h3 Ra4 34. Qc2 Qd4+ 35. Kh2 Rc4 36. Qb3 Rc8 37. Qb2 Qxb2 38.
Rxb2 Kf7 39. Re2 Rc4 40. g4 hxg3+ 41. Kxg3 Kf6 42. Kg4 Rd4 43. h4 Rxd5 44.
Rxe4 Rd1 45. a4 Rg1+ 46. Kf3 d5 47. Rd4 Ke6 48. h5 Rh1 49. Kg4 Rg1+ 50. Kh4
Rh1+ 51. Kg5 Rg1+ 52. Kh6 Rb1 53. Kg6 Rg1+ 54. Kh7 Rb1 55. a5 Ra1 56. h6
Rc1 57. Kg7 Rg1+ 58. Kf8 Rh1 59. Rb4 1-0

[Event "Politiken"]
[Site "Copenhagen DEN"]
[Date "1996.06.28"]
[Round "6"]
[White "Schandorff, L"]
[Black "Mortensen, E"]
[Result "0-1"]
[WhiteElo "2485"]
[BlackElo "2430"]

1. d4 d5 2. Nf3 Nc6 3. g3 Bf5 4. Bg2 Nb4 5. Na3 e6 6. c3 Nc6 7. Nc2 Be4 8.
O-O Nf6 9. Nce1 Bd6 10. Nd3 O-O 11. b3 a5 12. Bb2 b5 13. a4 Qb8 14. axb5
Qxb5 15. c4 dxc4 16. bxc4 Qb7 17. Bc3 Nb4 18. Rb1 Be7 19. Rb2 Rfd8 20. Qc1
Rab8 21. Qa1 Qa8 22. Nde5 Nd7 23. Nxd7 Rxd7 24. Rd1 Rbd8 25. Rbd2 Bf6 26.
d5 Bxc3 27. Qxc3 exd5 28. Bh3 Rd6 29. Ng5 Bg6 30. Bg2 Qc6 31. c5 R6d7 32.
h4 Qf6 33. Qa3 Qa6 34. Nf3 Nc6 35. Nd4 Nxd4 36. Rxd4 Qxe2 37. Qxa5 c6 38.
Re1 Qb2 39. Rd2 Qb8 40. Bf3 Ra7 41. Qc3 Rb7 42. Re3 h6 43. h5 Bf5 44. g4
Be6 45. Bd1 Rb4 46. Rd4 Rc4 47. Rxc4 dxc4 48. Bc2 Qf4 49. f3 Ra8 50. Kg2
Ra2 51. Re2 Kf8 52. Qe1 Qd4 53. Qg3 Ra8 54. g5 Qxc5 55. gxh6 gxh6 56. Be4
c3 57. Qf4 Qg5+ 58. Qxg5 hxg5 59. Bxc6 Ra2 60. Rxa2 Bxa2 0-1

[Event "Politiken"]
[Site "Copenhagen DEN"]
[Date "1996.06.28"]
[Round "6"]
[White "Hector, J"]
[Black "Bogdanovich, G"]
[Result "0-1"]
[WhiteElo "2520"]
[BlackElo "2375"]

1. e4 c5 2. Nf3 Nc6 3. Nc3 Nf6 4. Bb5 e5 5. Bxc6 dxc6 6. Nxe5 Nxe4 7. Nxe4
Qd5 8. Qe2 Qxe5 9. d4 cxd4 10. f4 Qa5+ 11. Bd2 Bb4 12. c3 Be7 13. Nd6+ Kf8
14. Nxc8 Rxc8 15. O-O Re8 16. cxd4 Bb4 17. Be3 Qd5 18. Kh1 f5 19. a3 Bd6
20. Rae1 Kf7 21. Qh5+ g6 22. Qh3 h5 23. Bd2 Rxe1 24. Rxe1 Re8 25. Rxe8 Kxe8
26. Qe3+ Kf7 27. Kg1 Qe6 28. Qd3 b5 29. Kf2 Qd5 30. g3 Bc7 31. Be3 a6 32.
a4 Qc4 33. Qa3 bxa4 34. h4 Qc2+ 35. Kg1 Qb3 36. Qa1 Bb6 37. Kf2 Qc2+ 38.
Kg1 Qd3 39. Bf2 Bxd4 40. Bxd4 Qxd4+ 41. Kh2 c5 42. Kh3 Ke6 43. Qf1 c4 44.
Qa1 Qd5 45. Kh2 Qd2+ 46. Kh3 Qc2 47. Qh1 Qe4 48. Qg1 Kd5 49. Qd1+ Kc5 50.
Kh2 Qd4 51. Qa1 Qd2+ 52. Kh3 Kd4 53. Qa3 Qc1 54. Kh2 Ke4 55. Kg2 Qd2+ 56.
Kh3 Qc2 57. Qa1 Qe2 58. Qa3 Qf3 59. Qa1 Qg4+ 60. Kg2 Qe2+ 61. Kh3 Kf3 62.
Qh1+ Kf2 63. Qg2+ Ke1 64. Qd5 Qe4 65. Qe5 Kf2 0-1

[Event "Politiken"]
[Site "Copenhagen DEN"]
[Date "1996.06.28"]
[Round "6"]
[White "Christensen, Jo"]
[Black "Guglielmi, R"]
[Result "0-1"]
[WhiteElo "2145"]
[BlackElo "2200"]

1. Nf3 c5 2. b3 d5 3. e3 Nf6 4. Bb2 e6 5. Be2 Bd6 6. O-O Nc6 7. d4 cxd4 8.
exd4 O-O 9. c4 Ne4 10. Nc3 Nxc3 11. Bxc3 Bd7 12. c5 Be7 13. b4 Bf6 14. Qd2
Ne7 15. a4 Ng6 16. b5 Re8 17. Bd3 Qc7 18. Bxg6 hxg6 19. Rac1 Rac8 20. Rfe1
a6 21. Rb1 axb5 22. axb5 Ra8 23. g4 Ra4 24. g5 Be7 25. Ne5 Rea8 26. Rb3 Be8
27. Qe3 Qd8 28. h4 Ra3 29. Reb1 Qc8 30. Bd2 Rxb3 31. Qxb3 f6 32. Nf3 Kh7
33. Nh2 Bf7 34. Rc1 e5 35. Qe3 Ra4 36. dxe5 Re4 37. Qf3 Rxe5 38. gxf6 gxf6
39. Ng4 Re4 40. Nh2 Rxh4 41. Bg5 Rh3 42. Qe2 Qc7 43. Ng4 fxg5 44. b6 Qf4
45. Rc2 Bf6 46. c6 bxc6 47. Rxc6 Bd4 48. b7 Qg3+ 0-1

[Event "Politiken"]
[Site "Copenhagen DEN"]
[Date "1996.06.28"]
[Round "6"]
[White "Ostergaard, J"]
[Black "Andersson, C"]
[Result "1-0"]
[WhiteElo "2300"]
[BlackElo "2040"]

1. d4 c5 2. d5 e6 3. c4 exd5 4. cxd5 d6 5. Nc3 Nf6 6. e4 g6 7. Nf3 Bg4 8.
Qa4+ Nbd7 9. Nd2 Bg7 10. h3 Bh5 11. g4 Nxg4 12. hxg4 Bxg4 13. f3 Bh5 14.
Bb5 a6 15. Bxd7+ Qxd7 16. Qxd7+ Kxd7 17. a4 Rhf8 18. Ne2 Bh6 19. Ra3 f5 20.
Ng3 fxe4 21. Nxh5 gxh5 22. Rxh5 Bxd2+ 23. Bxd2 exf3 24. Rxh7+ Kc8 25. Kf2
a5 26. Rxf3 Rxf3+ 27. Kxf3 Ra6 28. Ke4 Rb6 29. Bc3 Rb3 30. Kf5 b5 31. axb5
a4 32. Ra7 Rxb5 33. Rxa4 Rb7 34. Ke6 Rb6 35. Ra8+ Kb7 36. Rd8 Ra6 37. Rxd6
Ra1 38. Rc6 Rh1 39. Rxc5 Rh6+ 40. Bf6 Kb6 41. Rc2 Ka7 42. d6 Rh1 43. d7
Re1+ 44. Be5 Rd1 45. Ke7 Re1 46. d8=Q Rxe5+ 47. Kf6 Rb5 48. Rc7+ Kb6 49.
Qd6+ 1-0

[Event "Politiken"]
[Site "Copenhagen DEN"]
[Date "1996.06.28"]
[Round "6"]
[White "Sorensen, H"]
[Black "Lyrberg, P"]
[Result "1/2-1/2"]
[WhiteElo "2245"]
[BlackElo "2425"]

1. d4 Nf6 2. c3 d5 3. Bf4 e6 4. e3 c5 5. Nd2 Nc6 6. Ngf3 Bd6 7. Bg3 Qe7 8.
Ne5 h5 9. f4 h4 10. Bf2 Bd7 11. Bd3 g5 12. Nxd7 Nxd7 13. fxg5 Qxg5 14. Nf3
Qxg2 15. Rg1 Qh3 16. Ng5 Qxh2 17. Nf3 Qh3 18. Rg5 1/2-1/2

[Event "Politiken"]
[Site "Copenhagen DEN"]
[Date "1996.06.28"]
[Round "6"]
[White "Pedersen, D"]
[Black "Fries Nielsen, JO"]
[Result "1/2-1/2"]
[WhiteElo "2250"]
[BlackElo "2420"]

1. e4 e6 2. d4 d5 3. Nc3 Nf6 4. Bg5 Be7 5. e5 Ne4 6. Nxe4 dxe4 7. Bxe7 Qxe7
8. Qe2 b6 9. O-O-O Bb7 10. g3 c5 11. Bg2 Nc6 12. dxc5 Qg5+ 13. Qd2 Qxd2+
14. Rxd2 Nxe5 15. cxb6 axb6 16. a3 Ke7 17. Rd4 Rac8 18. Kb1 Rhd8 19. Ne2
Rxd4 20. Nxd4 Rd8 21. c3 Ng4 22. f4 exf3 23. Bxf3 Rxd4 1/2-1/2

[Event "Politiken"]
[Site "Copenhagen DEN"]
[Date "1996.06.28"]
[Round "6"]
[White "Hoiberg, N"]
[Black "Kogan, A"]
[Result "0-1"]
[WhiteElo "2290"]
[BlackElo "2485"]

1. e4 c5 2. Nf3 Nc6 3. d4 cxd4 4. Nxd4 Qc7 5. Nc3 e6 6. f4 a6 7. Nxc6 Qxc6
8. Qf3 b5 9. Bd3 Bb7 10. O-O Bc5+ 11. Be3 b4 12. Ne2 f5 13. Bxc5 Qxc5+ 14.
Kh1 Nf6 15. Ng3 h5 16. Rfe1 Kf7 17. h4 Ng4 18. Nf1 Nf2+ 19. Kh2 fxe4 20.
Bxe4 Nxe4 21. Rxe4 Bxe4 22. Qxe4 Rac8 23. Ne3 d5 24. Qd3 d4 25. Nf1 Qxc2
26. Qxd4 Rhd8 27. Qxb4 Qf2 28. Ng3 Rb8 29. Qe4 Rd4 30. Qe5 Rxf4 31. Qxh5+
Kg8 32. Rf1 Qd4 33. Rxf4 Qxf4 34. Kh3 Qe3 35. b3 Rf8 36. Kh2 Rf2 37. Qg4
Qe5 38. Kh3 Rxa2 39. Qc4 Qd5 0-1

[Event "Politiken"]
[Site "Copenhagen DEN"]
[Date "1996.06.28"]
[Round "6"]
[White "Nilsson, N"]
[Black "Henriksen, B"]
[Result "1-0"]
[WhiteElo "2225"]
[BlackElo "2080"]

1. d4 Nf6 2. Nf3 g6 3. Bf4 Bg7 4. e3 O-O 5. h3 d6 6. Bc4 Nbd7 7. O-O c5 8.
a4 b6 9. a5 Bb7 10. a6 Bxf3 11. Qxf3 Nh5 12. Bh2 cxd4 13. g4 Rc8 14. Bb3
Nhf6 15. exd4 h5 16. Nc3 hxg4 17. hxg4 Nb8 18. Ne2 Qd7 19. g5 Nh7 20. Bf4
e5 21. Bd2 Nc6 22. Ba4 Qc7 23. Kg2 Nxd4 24. Nxd4 exd4 25. Rh1 Rfd8 26. Rh4
Nf8 27. Rah1 Ne6 28. Qf6 1-0

[Event "Politiken"]
[Site "Copenhagen DEN"]
[Date "1996.06.28"]
[Round "6"]
[White "Rozentalis, E"]
[Black "Ward, C"]
[Result "1-0"]
[WhiteElo "2605"]
[BlackElo "2505"]

1. e4 c5 2. Nf3 d6 3. d4 cxd4 4. Qxd4 a6 5. Bg5 Nc6 6. Qd2 h6 7. Bh4 g5 8.
Bg3 Bg7 9. Nc3 Be6 10. Bd3 Nf6 11. O-O Nh5 12. Nd5 f5 13. h3 f4 14. Bh2 O-O
15. c3 Nf6 16. Bc2 Nd7 17. Bb3 Nc5 18. Rfe1 Nxb3 19. axb3 Kh8 20. Rad1 Bg8
21. c4 Rc8 22. Kh1 Qe8 23. Nb4 Qh5 24. Nxc6 Rxc6 25. Qe2 b5 26. Ne5 f3 27.
Nxf3 Be6 28. e5 Bxh3 29. exd6 exd6 30. Ne5 Qxe2 31. Ng6+ Kg8 32. Rxe2 Bg4
33. Ne7+ Kh7 34. f3 Rxf3 35. gxf3 Bxf3+ 36. Rg2 Rb6 37. Rdd2 bxc4 38. bxc4
Bxb2 39. Bxd6 a5 40. c5 1-0